LEADER 01588nam 2200409Ia 450 001 9910698032503321 005 20090220151726.0 035 $a(CKB)5470000002394680 035 $a(OCoLC)310122332 035 $a(EXLCZ)995470000002394680 100 $a20090220d2008 ua 0 101 0 $aeng 135 $aurbn||||||||| 181 $ctxt$2rdacontent 182 $cc$2rdamedia 183 $acr$2rdacarrier 200 10$aDetermination of volatile organic compounds content using novel ash and total solids analysis for chemical agent resistant coating systems$b[electronic resource] /$fPauline Smith, William Lum, and Daniel Pope 210 1$aAberdeen Proving Ground, MD :$cArmy Research Laboratory,$d[2008] 215 $aiv, 8 pages $cdigital, PDF file 225 1 $aARL-TR ;$v4625 300 $aTitle from title screen (viewed Feb. 20, 2009). 300 $a"October 2008." 320 $aIncludes bibliographical references (page 7). 606 $aAir quality$zUnited States 606 $aVolatile organic compounds$xAir content$xMeasurement 615 0$aAir quality 615 0$aVolatile organic compounds$xAir content$xMeasurement. 700 $aSmith$b Pauline$0200309 701 $aLum$b William$01393106 701 $aPope$b Daniel$01393107 712 02$aU.S. Army Research Laboratory. 801 0$bGPO 801 1$bGPO 906 $aBOOK 912 $a9910698032503321 996 $aDetermination of volatile organic compounds content using novel ash and total solids analysis for chemical agent resistant coating systems$93448796 997 $aUNINA